[Event "POL-chT U20 2nd League"]
[Site "Sypniewo"]
[Date "2025.06.24"]
[Round "7.91"]
[White "Zasada, Marcin"]
[Black "Lapczynski, Jacek"]
[Result "1-0"]
[WhiteElo "1825"]
[BlackElo "1659"]
[PlyCount "95"]
[EventDate "2025.06.18"]
[EventType "team-swiss"]
[EventRounds "9"]
[EventCountry "POL"]
[SourceTitle "CB27_2025"]
[SourceDate "2025.07.02"]
[SourceVersion "1"]
[SourceVersionDate "2025.07.02"]
[SourceQuality "1"]
[WhiteTeam "Osielsko"]
[BlackTeam "Wieliczka II"]
[WhiteTeamCountry "POL"]
[BlackTeamCountry "POL"]

1. e4 c5 2. Nf3 Nc6 3. d4 cxd4 4. Nxd4 e5 5. Nb5 d6 6. N1c3 a6 7. Na3 b5 8. Nd5 Nce7 9. c4 Nxd5 10. exd5 bxc4 11. Nxc4 f5 12. Bd2 a5 13. Qa4+ Bd7 14. Qa3 a4 15. Nxd6+ Bxd6 16. Qxd6 Qb8 17. Qa3 Nf6 18. Bc4 Bb5 19. b3 Kf7 20. d6+ Bxc4 21. bxc4 Qb7 22. 0-0 Qc6 23. c5 Ne4 24. Bb4 Rab8 25. f3 Nf6 26. Rac1 Rhc8 27. Be1 Qb5 28. Bf2 Rc6 29. Qc3 Qb2 30. Qc4+ Kg6 31. Qxa4 Qb5 32. Qc2 Qb2 33. Qc4 Qb5 34. Qc3 Qb2 35. Qe1 Qxa2 36. Qxe5 Qd5 37. Qg3+ Kf7 38. Rfd1 Qa2 39. Ra1 Qb3 40. Re1 Rb7 41. Qe5 Qd5 42. Qe3 Kg6 43. Rad1 Qf7 44. Qf4 Qb3 45. Qe5 Qf7 46. Qg3+ Kh5 47. Re5 Nd7 48. Re7 1-0

[Event "POL-ch U12"]
[Site "Uniejow"]
[Date "2021.07.25"]
[Round "9"]
[White "Lapczynski, Jacek"]
[Black "Andrzejewski, Jakub1"]
[Result "0-1"]
[WhiteElo "1286"]
[BlackElo "1447"]
[PlyCount "118"]
[EventDate "2021.07.18"]
[EventType "swiss"]
[EventRounds "9"]
[EventCountry "POL"]
[SourceTitle "EXT 2022"]
[Source "ChessBase"]
[SourceDate "2021.10.06"]
[SourceVersion "1"]
[SourceVersionDate "2021.10.06"]
[SourceQuality "1"]

1. d4 d5 2. c4 e6 3. Nc3 c5 4. dxc5 d4 5. Ne4 Nc6 6. Bf4 e5 7. Bg3 Nf6 8. Nxf6+ Qxf6 9. a3 a5 10. Nf3 Bxc5 11. Nd2 Bf5 12. Rc1 0-0 13. Nb3 Be7 14. h4 Rad8 15. h5 h6 16. Bh4 Qe6 17. Bxe7 Qxe7 18. Qd2 a4 19. Na1 e4 20. f3 e3 21. Qd1 Qd6 22. Qxa4 d3 23. exd3 Bxd3 24. Bxd3 Qg3+ 25. Kd1 Rxd3+ 26. Kc2 Rfd8 27. Kb1 Qxg2 28. Nc2 Rd2 29. Qb3 R8d3 30. Qa4 Nd4 31. Qe8+ Kh7 32. Qe4+ f5 33. Qe8 Rxc2 34. Qg6+ Qxg6 35. hxg6+ Kxg6 36. Rxc2 Nxc2 37. Kxc2 Rd2+ 38. Kc3 Rf2 39. b4 Rxf3 40. Kd3 e2+ 41. Kxe2 Rxa3 42. Rc1 Rb3 43. b5 Kf7 44. Rf1 Kf6 45. Rc1 f4 46. Kd2 g5 47. Kc2 Re3 48. c5 Re5 49. Kd2 Ke7 50. Kd3 Kd7 51. Kd4 Re2 52. Kd5 f3 53. c6+ bxc6+ 54. bxc6+ Kc7 55. Ra1 Rd2+ 56. Ke4 g4 57. Ke3 Rg2 58. Rc1 f2 59. Rh1 Rg1 0-1

[Event "POL-ch U12"]
[Site "Uniejow"]
[Date "2021.07.19"]
[Round "1"]
[White "Lapczynski, Jacek"]
[Black "Zmarzly, Wiktor"]
[Result "0-1"]
[WhiteElo "1286"]
[BlackElo "1512"]
[PlyCount "62"]
[EventDate "2021.07.18"]
[EventType "swiss"]
[EventRounds "9"]
[EventCountry "POL"]
[SourceTitle "EXT 2022"]
[Source "ChessBase"]
[SourceDate "2021.10.06"]
[SourceVersion "1"]
[SourceVersionDate "2021.10.06"]
[SourceQuality "1"]

1. d4 d5 2. c4 dxc4 3. e4 c5 4. d5 e6 5. Nc3 Nf6 6. Bg5 Be7 7. Bf4 exd5 8. exd5 Bd6 9. Bxd6 Qxd6 10. Bxc4 a6 11. a4 0-0 12. Nge2 Nbd7 13. 0-0 Nb6 14. Ba2 Rd8 15. Re1 Bf5 16. Ng3 Bg6 17. h4 h5 18. Rc1 Nbxd5 19. Nxd5 Nxd5 20. Qb3 Nf6 21. Red1 Qc7 22. Rxd8+ Rxd8 23. Qc4 Ng4 24. Nf1 b6 25. Qxa6 Bd3 26. Bc4 Bxf1 27. Kxf1 Qf4 28. Rc2 Rd1+ 29. Ke2 Qxf2+ 30. Kxd1 Ne3+ 31. Kc1 Qe1# 0-1

[Event "POL-chT U20 2nd League"]
[Site "Sypniewo"]
[Date "2020.??.??"]
[Round "3.58"]
[White "Lapczynski, Jacek"]
[Black "Seo, Ian"]
[Result "1/2-1/2"]
[WhiteElo "1212"]
[BlackElo "1031"]
[PlyCount "51"]
[EventDate "2020.10.23"]
[EventType "team-swiss"]
[EventRounds "9"]
[EventCountry "POL"]
[SourceTitle "CBM 199 Extra"]
[Source "ChessBase"]
[SourceDate "2021.01.31"]
[SourceVersion "1"]
[SourceVersionDate "2021.01.31"]
[SourceQuality "1"]

1. d4 d5 2. c4 e6 3. Nc3 Nf6 4. cxd5 exd5 5. Bg5 Be7 6. e3 c6 7. Bd3 0-0 8. Nge2 Nbd7 9. 0-0 Re8 10. Rc1 Nf8 11. Bb1 Bd6 12. h3 Ng6 13. Qd3 h6 14. Bxf6 Qxf6 15. Rfe1 Nh4 16. Ng3 Qg5 17. Kh2 Bf5 18. Qd2 Bxb1 19. Rxb1 Nf5 20. Nce2 Qg6 21. Rbc1 h5 22. Nf4 Nxg3 23. fxg3 Qg5 24. a3 h4 25. Qf2 hxg3+ 26. Qxg3 1/2-1/2